[Event "ISL-chT Kvika 2223"]
[Site "Reykjavik"]
[Date "2023.03.18"]
[Round "9.2"]
[White "Pantzar, Milton"]
[Black "Hreinsson, Hlidar Thor"]
[Result "1-0"]
[WhiteElo "2464"]
[BlackElo "2173"]
[PlyCount "73"]
[EventDate "2022.10.13"]
[EventType "team-tourn"]
[EventRounds "10"]
[EventCountry "ISL"]
[SourceTitle "CBM 213 Extra"]
[Source "ChessBase"]
[SourceDate "2023.05.31"]
[SourceVersion "1"]
[SourceVersionDate "2023.05.31"]
[SourceQuality "1"]
[WhiteTeam "Taflfelag Gardjabaejar"]
[BlackTeam "Breidjblik Skakdeild"]
[WhiteTeamCountry "ISL"]
[BlackTeamCountry "ISL"]

1. d4 d5 2. c4 e6 3. Nf3 Nf6 4. g3 Be7 5. Bg2 0-0 6. 0-0 dxc4 7. Qc2 a6 8. a4 Nc6 9. Qxc4 Qd5 10. Qc3 Bb4 11. Qe3 Qh5 12. Qg5 Qxg5 13. Bxg5 Rd8 14. e3 Na5 15. Nc3 Nb3 16. Rad1 h6 17. Bf4 Bxc3 18. bxc3 Nd5 19. c4 Nxf4 20. gxf4 Bd7 21. Ne5 Rab8 22. Nxd7 Rxd7 23. Rd3 Na5 24. c5 f6 25. Rb1 c6 26. Kf1 Kf7 27. Ke2 Rc7 28. Rdd1 b5 29. cxb6 Rcb7 30. Rdc1 Rxb6 31. Rxb6 Rxb6 32. Rc5 Rb2+ 33. Kf3 Nb3 34. Rxc6 a5 35. Kg3 Ra2 36. f5 Rxa4 37. Rc7+ 1-0

[Event "ISL-chT1 2122"]
[Site "Reykjavik"]
[Date "2021.10.02"]
[Round "3.3"]
[White "Hreinsson, Hlidar Thor"]
[Black "Heimisson, Hilmir Freyr"]
[Result "0-1"]
[WhiteElo "2189"]
[BlackElo "2286"]
[PlyCount "160"]
[EventDate "2021.09.30"]
[EventType "team-tourn"]
[EventRounds "10"]
[EventCountry "ISL"]
[SourceTitle "EXT 2022"]
[Source "ChessBase"]
[SourceDate "2021.10.06"]
[SourceVersion "1"]
[SourceVersionDate "2021.10.06"]
[SourceQuality "1"]
[WhiteTeam "Breidjablik Bolungarvik"]
[BlackTeam "Skakdeild Fjolnis"]
[WhiteTeamCountry "ISL"]
[BlackTeamCountry "ISL"]

1. e4 e5 2. Nf3 Nf6 3. Nxe5 d6 4. Nf3 Nxe4 5. d3 Nf6 6. Be2 d5 7. Bg5 h6 8. Bh4 d4 9. c3 c5 10. Nbd2 Nc6 11. Ne4 Be7 12. cxd4 Nxe4 13. Bxe7 Qa5+ 14. Kf1 Nxf2 15. Kxf2 Nxe7 16. dxc5 Qxc5+ 17. d4 Qb6 18. Qb3 Qxb3 19. axb3 Be6 20. Bc4 0-0 21. Rhe1 Nd5 22. Ra5 Rfd8 23. Re5 Nf4 24. Kg3 b6 25. Ra1 Nd5 26. Nh4 a5 27. Rae1 Ra7 28. Nf3 Rc7 29. R5e2 Rd6 30. Re5 g6 31. R5e2 Kg7 32. Re5 Rcd7 33. Bb5 Rb7 34. Rc1 Nb4 35. Re3 Bd5 36. Ne5 Re7 37. Kf2 Rf6+ 38. Nf3 Rxe3 39. Kxe3 Bxb3 40. Rc8 Nd5+ 41. Kd2 Nf4 42. Ne1 Bd5 43. g3 Nh3 44. Nd3 Ng5 45. Nf4 Ba2 46. Rb8 Nf3+ 47. Kc3 Rd6 48. Ne2 Nxh2 49. b3 Bb1 50. Bc4 Nf3 51. Nf4 Be4 52. Re8 Ng5 53. d5 Bf5 54. Kd4 Nf3+ 55. Ke3 Ng5 56. Kd4 Nh7 57. Ke5 Rd7 58. d6 Nf6 59. Re7 Ng4+ 60. Kd5 Kf8 61. Re1 g5 62. Nd3 Rd8 63. Kc6 Nf6 64. Rf1 Be4+ 65. Kc7 Rd7+ 66. Kc8 Rxd6 67. Ne5 Kg7 68. Kc7 Ne8+ 69. Kc8 f6 70. Nd7 f5 71. Ne5 Rd2 72. Be6 b5 73. Bd7 Nf6 74. Be6 a4 75. bxa4 bxa4 76. Ra1 Rd4 77. Rc1 Ne8 78. Bd7 Nd6+ 79. Kc7 a3 80. Ra1 Nc4 0-1

[Event "ISL-chT 1718"]
[Site "Reykjavik"]
[Date "2018.03.02"]
[Round "7.3"]
[White "Ragnarsson, Dagur"]
[Black "Hreinsson, Hlidar Thor"]
[Result "1-0"]
[WhiteElo "2340"]
[BlackElo "2234"]
[PlyCount "69"]
[EventDate "2017.10.19"]
[EventType "team-tourn"]
[EventRounds "9"]
[EventCountry "ISL"]
[SourceTitle "EXT 2019"]
[Source "ChessBase"]
[SourceDate "2018.10.10"]
[SourceVersion "1"]
[SourceVersionDate "2018.10.10"]
[SourceQuality "1"]
[WhiteTeam "Fjolnis"]
[BlackTeam "Bolungarvik"]
[WhiteTeamCountry "ISL"]
[BlackTeamCountry "ISL"]

1. d4 d5 2. c4 e6 3. Nc3 Nf6 4. Nf3 Be7 5. Bf4 c6 6. e3 0-0 7. c5 Nbd7 8. b4 Nh5 9. Bd3 f5 10. Be5 Ndf6 11. h3 Ne4 12. Rc1 a5 13. b5 b6 14. Nd2 Nhf6 15. cxb6 Nxc3 16. Rxc3 cxb5 17. Rc7 Bd7 18. b7 Rb8 19. 0-0 Qe8 20. Nb3 Bd8 21. Nxa5 Bxc7 22. Bxc7 Qe7 23. Qb3 Ne4 24. Rc1 Nd2 25. Qb2 Nc4 26. Bxc4 dxc4 27. a4 Rbe8 28. axb5 Bxb5 29. b8Q Rxb8 30. Bxb8 Qd7 31. Be5 Rc8 32. Qb4 Qd5 33. Qe7 Qd7 34. Qxd7 Bxd7 35. Rxc4 1-0

[Event "ISL-chT 1516"]
[Site "Reykjavik"]
[Date "2016.03.05"]
[Round "8.5"]
[White "Hreinsson, Hlidar Thor"]
[Black "Johannesson, Oliver Aron"]
[Result "1-0"]
[WhiteElo "2231"]
[BlackElo "2198"]
[PlyCount "63"]
[EventDate "2015.09.24"]
[EventType "team-tourn"]
[EventRounds "9"]
[EventCountry "ISL"]
[SourceTitle "EXT 2017"]
[Source "ChessBase"]
[SourceDate "2016.10.25"]
[SourceVersion "1"]
[SourceVersionDate "2016.10.25"]
[SourceQuality "1"]
[WhiteTeam "Huginn II"]
[BlackTeam "Fjolnir"]
[WhiteTeamCountry "ISL"]
[BlackTeamCountry "ISL"]

1. e4 c5 2. Nf3 e6 3. b3 d5 4. exd5 exd5 5. Bb5+ Bd7 6. Bxd7+ Nxd7 7. 0-0 Be7 8. Re1 Nf8 9. Bb2 Nf6 10. Bxf6 gxf6 11. d4 Ne6 12. c4 0-0 13. cxd5 Qxd5 14. Nc3 Qd7 15. d5 Ng7 16. Qd3 Qf5 17. Qxf5 Nxf5 18. g4 Nd4 19. Rxe7 Nxf3+ 20. Kg2 Ne5 21. Rxb7 Nxg4 22. Kg3 f5 23. f3 Nf6 24. Rd1 Rfd8 25. d6 Rd7 26. Rxd7 Nxd7 27. Kf4 Re8 28. Rd2 Re6 29. Nb5 a5 30. Nc7 Re5 31. Nd5 Kf8 32. Nf6 1-0

[Event "ISL-chT 1415"]
[Site "Reykjavik"]
[Date "2014.10.05"]
[Round "5.5"]
[White "Hreinsson, Hlidar Thor"]
[Black "Ingvason, Johann"]
[Result "1-0"]
[WhiteElo "2231"]
[BlackElo "2142"]
[PlyCount "87"]
[EventDate "2014.10.02"]
[EventType "team-tourn"]
[EventRounds "9"]
[EventCountry "ISL"]
[SourceTitle "EXT 2015"]
[Source "ChessBase"]
[SourceDate "2014.11.20"]
[SourceVersion "1"]
[SourceVersionDate "2014.11.20"]
[SourceQuality "1"]
[WhiteTeam "Huginn II"]
[BlackTeam "Reykjanesbaejar"]
[WhiteTeamCountry "ISL"]
[BlackTeamCountry "ISL"]

1. e4 g6 2. d4 Bg7 3. Be2 d6 4. h4 h5 5. Nh3 Nf6 6. Ng5 c5 7. d5 Nbd7 8. Nc3 Ne5 9. Bf4 Bd7 10. Qd2 Qa5 11. Bg3 Nh7 12. Nf3 Nxf3+ 13. gxf3 b5 14. Nxb5 Qb6 15. c4 Rb8 16. Rb1 0-0 17. 0-0 f5 18. Nc3 Rf7 19. Bd3 f4 20. Bxf4 Rbf8 21. Bg3 Rxf3 22. Be2 R3f7 23. Kg2 Qb7 24. f3 Qc8 25. Rh1 Nf6 26. Rbf1 Kh7 27. Qc2 Ng8 28. f4 Nh6 29. f5 gxf5 30. Bxh5 Rf6 31. e5 dxe5 32. Bxe5 Ng4 33. Bf4 Bh6 34. Bxg4 Bxf4 35. Rxf4 Rg8 36. Kf2 Qb8 37. Ne2 Rfg6 38. Bxf5 Bxf5 39. Qxf5 Kh6 40. h5 Rf6 41. Qe4 Qxb2 42. Rxf6+ exf6 43. Rb1 Qxa2 44. Qf4+ 1-0

[Event "EU-Cup 30th"]
[Site "Bilbao"]
[Date "2014.09.18"]
[Round "5.5"]
[White "Csonka, Attila Istvan"]
[Black "Hreinsson, Hlidar Thor"]
[Result "1/2-1/2"]
[WhiteElo "2339"]
[BlackElo "2229"]
[PlyCount "159"]
[EventDate "2014.09.14"]
[EventType "team-swiss"]
[EventRounds "7"]
[EventCountry "ESP"]
[SourceTitle "CBM 163"]
[Source "ChessBase"]
[SourceDate "2014.11.11"]
[SourceVersion "1"]
[SourceVersionDate "2014.11.11"]
[SourceQuality "1"]
[WhiteTeam "Szombathely"]
[BlackTeam "Huginn"]
[WhiteTeamCountry "HUN"]
[BlackTeamCountry "ISL"]

1. e4 c5 2. Nf3 Nc6 3. d4 cxd4 4. Nxd4 Nf6 5. Nc3 e5 6. Ndb5 d6 7. Bg5 a6 8. Na3 b5 9. Nd5 Be7 10. Bxf6 Bxf6 11. c4 b4 12. Nc2 Bg5 13. g3 0-0 14. Bg2 Rb8 15. b3 Be6 16. 0-0 Qd7 17. Qd3 a5 18. Rad1 Qa7 19. Qe2 Rbd8 20. Rd3 Rde8 21. Qh5 Bd8 22. Nde3 Bc7 23. g4 f6 24. Nd5 Bb8 25. Rh3 g6 26. Qh4 Qg7 27. Rf3 Bxd5 28. exd5 Nd4 29. Nxd4 exd4 30. Rd1 Ba7 31. Bf1 Bc5 32. Bd3 Re5 33. Kg2 Qe7 34. Qh6 Qg7 35. Qf4 Qe7 36. Rh3 Rg5 37. Rg3 Re5 38. Qd2 Re8 39. Rg1 Kh8 40. Rh3 Kg8 41. Rh6 Qg7 42. Kh1 Rg5 43. Rh4 Rge5 44. Rg3 Qd7 45. Rgh3 Rg5 46. Rxh7 Qxh7 47. Rxh7 Kxh7 48. h3 Rge5 49. Kg2 Rg8 50. Qc2 f5 51. Qc1 fxg4 52. hxg4 Rf8 53. Qb1 Rf6 54. Qh1+ Kg7 55. Qh4 Rf8 56. Qh1 Rf4 57. Kg3 Rf8 58. Qb1 Rf6 59. Qc1 Rf8 60. Kg2 Rf6 61. Qb1 Rf4 62. Kg3 Rf6 63. Qf1 Rf8 64. Qh1 Rh8 65. Qb1 Rh6 66. Be4 Re8 67. Qd3 Reh8 68. Bg2 Re8 69. g5 Rh5 70. Kg4 Re5 71. f4 Re3 72. Qf1 Rh2 73. Qg1 Rh8 74. Bf3 Rf8 75. Qh1 Rh8 76. Qb1 Rhe8 77. Qh1 Rh8 78. Qb1 Rhe8 79. Qh1 Rh8 80. Qb1 1/2-1/2

[Event "EU-Cup 30th"]
[Site "Bilbao"]
[Date "2014.09.15"]
[Round "2.5"]
[White "Malakhov, Vladimir"]
[Black "Hreinsson, Hlidar Thor"]
[Result "1-0"]
[WhiteElo "2696"]
[BlackElo "2229"]
[PlyCount "67"]
[EventDate "2014.09.14"]
[EventType "team-swiss"]
[EventRounds "7"]
[EventCountry "ESP"]
[SourceTitle "CBM 163"]
[Source "ChessBase"]
[SourceDate "2014.11.11"]
[SourceVersion "1"]
[SourceVersionDate "2014.11.11"]
[SourceQuality "1"]
[WhiteTeam "Malachite Sverdlovsk Region"]
[BlackTeam "Huginn"]
[WhiteTeamCountry "RUS"]
[BlackTeamCountry "ISL"]

1. e4 c5 2. Nf3 Nc6 3. Bb5 Qc7 4. 0-0 Nf6 5. Re1 e6 6. Nc3 Ng4 7. Bxc6 bxc6 8. h3 Ne5 9. Nxe5 Qxe5 10. d3 Be7 11. f4 Qd4+ 12. Kh1 Qb4 13. a3 Qb6 14. e5 0-0 15. b3 f6 16. Ne4 fxe5 17. fxe5 Rf5 18. Bb2 Bb7 19. Qg4 Kh8 20. Rf1 Raf8 21. Qe2 Qd8 22. Ng3 Rf4 23. Rxf4 Rxf4 24. Rf1 Qf8 25. c4 d5 26. exd6 Bxd6 27. Rxf4 Bxf4 28. Nh5 Bh6 29. Qxe6 Qf1+ 30. Kh2 Bf4+ 31. Nxf4 Qxf4+ 32. Kg1 Qf8 33. Qd7 Bc8 34. Bxg7+ 1-0

[Event "ISL-chT 1314"]
[Site "Reykjavik"]
[Date "2013.10.12"]
[Round "4.1"]
[White "Aabling Thomsen, Jakob"]
[Black "Hreinsson, Hlidar Thor"]
[Result "1-0"]
[WhiteElo "2375"]
[BlackElo "2238"]
[PlyCount "33"]
[EventDate "2013.10.10"]
[EventType "team-tourn"]
[EventRounds "9"]
[EventCountry "ISL"]
[SourceTitle "EXT 2014"]
[Source "ChessBase"]
[SourceDate "2013.11.20"]
[SourceVersion "1"]
[SourceVersionDate "2013.11.20"]
[SourceQuality "1"]
[WhiteTeam "Akureyri"]
[BlackTeam "Hellir II"]
[WhiteTeamCountry "ISL"]
[BlackTeamCountry "ISL"]

1. e4 c5 2. Nf3 Nc6 3. Bb5 Nd4 4. Nxd4 cxd4 5. 0-0 g6 6. c3 Bg7 7. cxd4 Bxd4 8. Nc3 a6 9. Bc4 e6 10. d3 Ne7 11. Bh6 Nc6 12. Qd2 d6 13. Ne2 Bf6 14. d4 Qa5 15. Qf4 Ke7 16. Qe3 Qb6 17. e5 1-0

[Event "ISL-chT 1011"]
[Site "Reykjavik"]
[Date "2010.10.10"]
[Round "4.4"]
[White "Adly, Ahmed"]
[Black "Hreinsson, Hlidar Thor"]
[Result "1-0"]
[WhiteElo "2630"]
[BlackElo "2271"]
[PlyCount "57"]
[EventDate "2010.10.08"]
[EventType "team-tourn"]
[EventRounds "9"]
[EventCountry "ISL"]
[SourceTitle "EXT 2012"]
[Source "ChessBase"]
[SourceDate "2011.11.24"]
[SourceVersion "1"]
[SourceVersionDate "2011.11.24"]
[SourceQuality "1"]
[WhiteTeam "Hellir"]
[BlackTeam "Haukar"]
[WhiteTeamCountry "ISL"]
[BlackTeamCountry "ISL"]

1. d4 d5 2. c4 e6 3. Nc3 Nf6 4. Nf3 Be7 5. Bf4 c6 6. e3 0-0 7. h3 Re8 8. Qc2 Nbd7 9. g4 dxc4 10. Bxc4 Nf8 11. 0-0-0 b5 12. Bd3 Qa5 13. Kb1 Bb7 14. e4 b4 15. Na4 c5 16. Nxc5 Bxc5 17. dxc5 Rec8 18. Bd6 N8d7 19. e5 Bxf3 20. exf6 Nxf6 21. g5 Nd5 22. Bxh7+ Kh8 23. Bd3 Rab8 24. Qc4 Nc3+ 25. Ka1 Kg8 26. bxc3 b3 27. a4 Bd5 28. Qd4 Rxc5 29. Qxc5 1-0

[Event "ISL-chT 1011"]
[Site "Reykjavik"]
[Date "2010.10.09"]
[Round "2.3"]
[White "Hreinsson, Hlidar Thor"]
[Black "Kjartansson, Gudmundur"]
[Result "0-1"]
[WhiteElo "2271"]
[BlackElo "2373"]
[PlyCount "96"]
[EventDate "2010.10.08"]
[EventType "team-tourn"]
[EventRounds "9"]
[EventCountry "ISL"]
[SourceTitle "EXT 2012"]
[Source "ChessBase"]
[SourceDate "2011.11.24"]
[SourceVersion "1"]
[SourceVersionDate "2011.11.24"]
[SourceQuality "1"]
[WhiteTeam "Haukar"]
[BlackTeam "TR"]
[WhiteTeamCountry "ISL"]
[BlackTeamCountry "ISL"]

1. e4 c6 2. d4 d5 3. exd5 cxd5 4. Bd3 Nc6 5. c3 Qc7 6. Ne2 Bg4 7. f3 Bd7 8. Bf4 e5 9. dxe5 Nxe5 10. Na3 Bxa3 11. bxa3 Ne7 12. 0-0 Qc5+ 13. Nd4 Nxd3 14. Qxd3 0-0 15. Kh1 Ng6 16. Bg3 Qxa3 17. Nb3 Ne7 18. c4 Be6 19. c5 Rfe8 20. Qb5 Nf5 21. Bf4 d4 22. Bc1 Qa6 23. Qxa6 bxa6 24. g4 Bc4 25. Rf2 Bxb3 26. gxf5 Ba4 27. Bf4 Rac8 28. Bd6 d3 29. Rd2 Bc2 30. Kg1 f6 31. Kf2 Re5 32. Bxe5 fxe5 33. Rc1 Kf7 34. Ke3 Kf6 35. c6 Kxf5 36. c7 Ke6 37. Ke4 Rxc7 38. Ke3 Rc4 39. Rg1 g6 40. Rg4 Rc5 41. Rb4 Ra5 42. Rb7 h5 43. Rxa7 Rxa2 44. Rg2 Kf6 45. Rb7 g5 46. Rh7 d2 47. Rd7 d1Q 48. Rxd1 Ra3+ 0-1

[Event "ISL-chT 1011"]
[Site "Reykjavik"]
[Date "2010.10.09"]
[Round "3.2"]
[White "Kulaots, Kaido"]
[Black "Hreinsson, Hlidar Thor"]
[Result "1-0"]
[WhiteElo "2592"]
[BlackElo "2271"]
[PlyCount "97"]
[EventDate "2010.10.08"]
[EventType "team-tourn"]
[EventRounds "9"]
[EventCountry "ISL"]
[SourceTitle "EXT 2012"]
[Source "ChessBase"]
[SourceDate "2011.11.24"]
[SourceVersion "1"]
[SourceVersionDate "2011.11.24"]
[SourceQuality "1"]
[WhiteTeam "Fjolnir"]
[BlackTeam "Haukar"]
[WhiteTeamCountry "ISL"]
[BlackTeamCountry "ISL"]

1. e4 c5 2. Nf3 Nc6 3. Nc3 d6 4. d4 cxd4 5. Nxd4 e5 6. Nf3 Be7 7. Bc4 Be6 8. Bb3 Nf6 9. 0-0 0-0 10. Bg5 h6 11. Bxf6 Bxf6 12. Nd5 Bxd5 13. Qxd5 Qc7 14. c3 Bg5 15. Rfd1 Rad8 16. h4 Be7 17. g3 Qd7 18. Rd2 Qg4 19. Kg2 Rb8 20. Qd3 Nd8 21. Nh2 Qg6 22. Kh1 Ne6 23. Qf3 b5 24. Ng4 Kh8 25. Ne3 Nc5 26. Bc2 Rfd8 27. b4 Nd7 28. a4 bxa4 29. Rxa4 Rb7 30. Ra6 Nb6 31. Bb3 Bf8 32. Rda2 Rdd7 33. Nd5 Nc8 34. Ba4 Rd8 35. Bc6 Rb8 36. Rxa7 Nxa7 37. Rxa7 f6 38. Kg2 Rbc8 39. b5 h5 40. Qf5 Qxf5 41. exf5 Rb8 42. Kf3 Kh7 43. Nxf6+ Kh6 44. Nd5 g5 45. Ke4 gxh4 46. gxh4 Bg7 47. f6 Bxf6 48. Nxf6 Rf8 49. Kf5 1-0

[Event "ISL-chT 0910"]
[Site "Reykjavik"]
[Date "2010.03.06"]
[Round "7"]
[White "Thorsteinsson, Bjorn"]
[Black "Hreinsson, Hlidar Thor"]
[Result "1/2-1/2"]
[WhiteElo "2229"]
[BlackElo "2276"]
[PlyCount "102"]
[EventDate "2009.09.25"]
[EventType "team-tourn"]
[EventRounds "7"]
[EventCountry "ISL"]
[SourceTitle "EXT 2011"]
[Source "ChessBase"]
[SourceDate "2010.11.26"]
[SourceVersion "1"]
[SourceVersionDate "2010.11.26"]
[SourceQuality "1"]

1. e4 c5 2. Nf3 Nc6 3. d4 cxd4 4. Nxd4 d6 5. Nc3 Nf6 6. Be2 e5 7. Nb3 Be6 8. 0-0 d5 9. exd5 Nxd5 10. Nxd5 Qxd5 11. Bf3 e4 12. Qxd5 Bxd5 13. Re1 0-0-0 14. Bg4+ Kb8 15. Bf4+ Bd6 16. Bxd6+ Rxd6 17. Bf5 Bxb3 18. axb3 Nd4 19. Bxe4 f5 20. Bd3 Nxb3 21. Ra3 Nd4 22. Re7 g6 23. h3 Rc8 24. Rxh7 Nxc2 25. Rb3 Rb6 26. Rxb6 axb6 27. Rg7 Nb4 28. Be2 Rc6 29. Bf3 Rd6 30. Rxb7+ Kc8 31. Rg7 Nd3 32. b3 Ne5 33. Be2 Kd8 34. f4 Nc6 35. Bc4 Nd4 36. Kf2 b5 37. Bf7 Ke7 38. Rxg6 Rxg6 39. Bxg6 Kf6 40. Be8 Ke7 41. Bh5 Nxb3 42. Ke3 Nc5 43. Be2 b4 44. Bd3 Kf6 45. g4 fxg4 46. hxg4 Ne6 47. f5 Nc7 48. Kd4 Kg5 49. Be2 b3 50. Kc3 Ne8 51. Kxb3 Nd6 1/2-1/2

[Event "ISL-chT 0910"]
[Site "Reykjavik"]
[Date "2009.09.26"]
[Round "2"]
[White "Bjornsson, Sigurbjorn"]
[Black "Hreinsson, Hlidar Thor"]
[Result "1-0"]
[WhiteElo "2287"]
[BlackElo "2276"]
[PlyCount "119"]
[EventDate "2009.09.25"]
[EventType "team-tourn"]
[EventRounds "7"]
[EventCountry "ISL"]
[SourceTitle "CBM 132 Extra"]
[Source "ChessBase"]
[SourceDate "2009.11.03"]
[SourceVersion "1"]
[SourceVersionDate "2009.11.03"]
[SourceQuality "1"]

1. e4 c5 2. Nf3 Nc6 3. Nc3 g6 4. d4 cxd4 5. Nxd4 Bg7 6. Be3 Nf6 7. Bc4 d6 8. f3 Bd7 9. Qd2 Rc8 10. Bb3 h5 11. 0-0-0 Nxd4 12. Bxd4 Bh6 13. Be3 Bxe3 14. Qxe3 Qb6 15. Qd2 Qc5 16. Rhe1 b5 17. e5 dxe5 18. Ne4 Qc7 19. Nxf6+ exf6 20. Bxf7+ Kxf7 21. Qxd7+ Qxd7 22. Rxd7+ Ke6 23. Red1 Rc6 24. Rxa7 Rb8 25. b3 g5 26. Kb2 Kf5 27. Rd3 g4 28. c3 gxf3 29. Rxf3+ Ke4 30. a4 Rg8 31. Rf2 Ke3 32. axb5 Rb6 33. Rf3+ Ke2 34. Ra6 Rxb5 35. c4 Rxg2 36. Rg3 Rxg3 37. hxg3 Rb8 38. Rxf6 e4 39. Kc3 Re8 40. b4 e3 41. b5 Kd1 42. Ra6 Ke1 43. c5 Kf2 44. b6 e2 45. Ra1 e1Q+ 46. Rxe1 Rxe1 47. b7 Re8 48. c6 Rb8 49. c7 Rxb7 50. c8Q Rf7 51. Qc5+ Kxg3 52. Qg5+ Kf2 53. Qh4+ Kg2 54. Kd3 Rf3+ 55. Ke2 Ra3 56. Qe4+ Kh3 57. Qe6+ Kg2 58. Qd5+ Kh3 59. Kf2 Kg4 60. Qe6+ 1-0

[Event "ISL-chT 0405"]
[Site "Reykjavik"]
[Date "2005.03.05"]
[Round "7"]
[White "Hreinsson, Hlidar Thor"]
[Black "Finnlaugsson, Gunnar"]
[Result "1-0"]
[WhiteElo "2187"]
[BlackElo "2173"]
[PlyCount "63"]
[EventDate "2004.11.19"]
[EventType "team"]
[EventRounds "7"]
[EventCountry "ISL"]
[SourceTitle "EXT 2006"]
[Source "ChessBase"]
[SourceDate "2005.11.24"]
[SourceVersion "1"]
[SourceVersionDate "2005.11.24"]
[SourceQuality "1"]

1. e4 e6 2. d4 d5 3. exd5 exd5 4. Bd3 c5 5. Nf3 Bd6 6. c3 Bg4 7. Be3 c4 8. Be2 Nd7 9. a4 a6 10. a5 b5 11. axb6 Qxb6 12. b3 cxb3 13. Nbd2 b2 14. Ra2 Bf5 15. 0-0 a5 16. Ne5 Bxe5 17. dxe5 Qb7 18. Bg4 Ne7 19. Bg5 Be6 20. Bxe6 fxe6 21. Bxe7 Kxe7 22. Qg4 g6 23. Qg5+ Kf7 24. Ra4 Rhe8 25. h4 Qc7 26. Nf3 Kg7 27. h5 Qd8 28. Qg3 Nc5 29. Ng5 h6 30. Nf7 Kxf7 31. Qxg6+ Ke7 32. Qg7# 1-0

[Event "Reykjavik Edda rapid"]
[Site "Reykjavik"]
[Date "2003.03.03"]
[Round "1"]
[White "Hreinsson, Hlidar Thor"]
[Black "Ulfarsson, Magnus Orn"]
[Result "0-1"]
[WhiteElo "2187"]
[BlackElo "2371"]
[PlyCount "65"]
[EventDate "2003.03.03"]
[EventType "swiss (rapid)"]
[EventRounds "9"]
[EventCountry "ISL"]
[SourceTitle "CBM 093 Extra"]
[Source "ChessBase"]
[SourceDate "2003.05.09"]
[SourceVersion "1"]
[SourceVersionDate "2003.05.09"]
[SourceQuality "1"]

1. e4 c5 2. Be2 Nc6 3. Nf3 g6 4. c3 Bg7 5. 0-0 e5 6. d3 Nf6 7. Be3 d6 8. h3 0-0 9. Nbd2 b6 10. d4 exd4 11. cxd4 cxd4 12. Nxd4 Bb7 13. Re1 d5 14. Nxc6 Bxc6 15. Rc1 Bb7 16. e5 Nd7 17. f4 f6 18. e6 Nc5 19. Bxc5 bxc5 20. f5 gxf5 21. Bd3 Qd6 22. Bxf5 Qf4 23. Qh5 Qh6 24. Qe2 Qg5 25. Rf1 Bh6 26. Rc2 Kh8 27. e7 Qe3+ 28. Qxe3 Bxe3+ 29. Kh2 Rfe8 30. Nb3 c4 31. Na5 Rxe7 32. Nxb7 Rxb7 33. Be6 0-1

[Event "ISL-chT 0001"]
[Site "Reykjavik"]
[Date "2001.??.??"]
[Round "?"]
[White "Bergsson, Snorri"]
[Black "Hreinsson, Hlidar Thor"]
[Result "1/2-1/2"]
[WhiteElo "2275"]
[BlackElo "2213"]
[PlyCount "34"]
[EventDate "2000.11.17"]
[EventType "team"]
[EventRounds "7"]
[EventCountry "ISL"]
[SourceTitle "EXT 2002"]
[Source "ChessBase"]
[SourceDate "2001.11.25"]
[SourceVersion "1"]
[SourceVersionDate "2001.11.25"]
[SourceQuality "1"]

1. d4 d5 2. c4 e6 3. Nc3 Nf6 4. Bg5 Be7 5. e3 0-0 6. cxd5 Nxd5 7. Bxe7 Qxe7 8. Nf3 b6 9. Nxd5 exd5 10. Qb3 Rd8 11. Rc1 Bb7 12. Be2 c5 13. Qa3 Nc6 14. 0-0 c4 15. Qxe7 Nxe7 16. Nd2 b5 17. Bf3 Bc6 1/2-1/2